000 00572nam a2200193Ia 4500
003 OSt
005 20250926155752.0
008 220923b |||||||| |||| 00| 0 eng d
037 _cReference
040 _aRTL
_cRTL
_beng
041 _2eng
_aeng
084 _aR2, G8/SC
_qRTL
100 _aWhitehead, Alferd North.
_970970
245 0 _aModes of thought.
260 _aNew York
_bCapricrn Books
_c1938
300 _aviii,241 p.
_ccm.
_bIncludes bibliographical references and index.
942 _hR2, G8/SC
_cREF
_2CC
_n0
999 _c622670
_d622670